000
00230nam a22000857a 4500
008
160713b xxu||||| |||| 00| 0 eng d
100
_9
2722
_a
Edicones P.S.A
245
_a
Science for Kids
260
_a
New Delhi
_b
Sterling Publication
_c
2009
999
_c
2363
_d
2363